000 00232nam a22000857a 4500
008 160805b xxu||||| |||| 00| 0 eng d
100 _941
_aAggarwal R.S
245 _aComposite Mathematics-5
260 _aNew Delhi
_bS.Chand Publication
_c2012
999 _c2692
_d2692